000 00212nam a22000857a 4500
008 161217b xxu||||| |||| 00| 0 eng d
100 _92104
_aOm HAri Et Al
245 _aSocial Science
260 _aNew Delhi
_bNCERT
_c2003
999 _c4987
_d4987